Vodcovský potenciál manažérov na Slovensku

Teoretické východiská vodcovstva a súčasné trendy vo vedení ľudí. Burnsova teória transakčného a transformačného vedenia. Manažérske zručnosti podľa R. Katza. Nové vedenie ľudí - výsledky výskumu. Nové kompetencie manažérov.

Gespeichert in:
Bibliographische Detailangaben
1. Verfasser: Procházková, Katarína, 1983-
Format: Buchkapitel
Sprache:Slowakisch
Schlagworte:
Tags: Tag hinzufügen
Keine Tags, Fügen Sie das erste Tag hinzu!

MARC

LEADER 00000naa$a2200000$$$4500
001 0176849
005 20240502073020.6
041 0 |a slo 
044 |a SK 
245 1 0 |a Vodcovský potenciál manažérov na Slovensku  |c Katarína Procházková 
520 |a Teoretické východiská vodcovstva a súčasné trendy vo vedení ľudí. Burnsova teória transakčného a transformačného vedenia. Manažérske zručnosti podľa R. Katza. Nové vedenie ľudí - výsledky výskumu. Nové kompetencie manažérov. 
610 2 0 |a manažéri 
610 2 0 |a vedenie ľudí 
610 2 0 |a vodcovstvo 
610 2 0 |a štýl vedenia 
610 2 0 |a kompetencie manažérske 
100 1 |a Procházková, Katarína, 1983-